| 000 | 00751nam a2200169 a 4500 | ||
|---|---|---|---|
| 001 | 000040306 | ||
| 005 | 20201002034039.0 | ||
| 008 | 130821s2010 mx 000 0 spa d | ||
| 020 | _a9786070212369 | ||
| 040 |
_aDO-SdBNP _bspa _cBNPHU |
||
| 100 | 1 |
_aDíaz y de Ovando, Clementina _966591 |
|
| 245 | 1 | 0 |
_aVicente Riva Palacio y la identidad nacional : _bdiscurso de ingreso a la Academia Mexicana de la Lengua, 13 de junio de 1985 / _cClementina Díaz y de Ovando ; respuesta de Miguel León Portilla. |
| 260 |
_aMéxico : _bUniversidad Autónoma de México _bDirección General de Publicaciones y Fomento Editorial :, _c2010. |
||
| 300 |
_a75 p. ; _c18 cm. |
||
| 700 | 1 |
_aLeón Portilla, Miguel _942636 |
|
| 710 | 2 |
_aUniversidad Autónoma de México _966592 |
|
| 999 |
_c39796 _d39796 |
||